00742nam a2200217Ii 45000010005000000030009000050080041000140400033000550410008000880820016000961000026001122450022001382640062001603000012002223360026002343370028002603380027002889400050003159990017003659520142003823963CO-ViMGA241108s9999||||xx |||||||||||||| ||und|| aCO-ViMGAbspaerdacCO-ViMGA0 aunk04a371.332-U281 aAgustín Uhia95326210aAyudas educativas 1a[Lugar de publicación no identificado] : Voluntad, 1971 avolumen atextbtxt2rdacontent aunmediatedbn2rdamedia avolumebnc2rdacarrier aidficha_siabuc: 3873. -- ficha_no_siabuc:3963 c49836d49836 001040708001aMEVIGERRbMEVIGERRcGENd2006-11-27hVol.1o371.332-U28pECA2640r2024-11-26 10:01:24tEj.1w2024-11-26yBKz3873 | 5677